Statistics for celebrity knowledge quiz

Click here to take the quiz!

General Stats

  • This quiz has been taken 42 times
  • The average score is 4 of 9

Answer Stats

HintAnswer% Correct
who was Justin Bieber's first girlfriend...?Selena Gomez
89%
Kim Kardashian's first born is...?North west
84%
what does KUWTK stand for...?Keeping up with the kardashians
74%
Which celebrity runs a talking show?Ellen/ Jimmy fallon
55%
Does Mike Tyson own a glass bathtub or solid gold...?solid gold
53%
who is the most famous celebrity..?Oprah Winfrey
18%
who had the most hate towards Charli Damelio for a while there...?Peach
8%
the number #1 gay celebrity is....?lil nas X
3%
what is Beyoncé's net worth...?$440 million
0%

Score Distribution

Percentile by Number Answered

Percent of People with Each Score

Your Score History

You have not taken this quiz